000 00282nam a2200109Ia 4500
008 190912s9999||||xx |||||||||||||| ||und||
100 _aQuaid e Azam academy
245 0 _aQuaid e Azam Muhammad ali jinnah Gustang
260 _aKarachi
_bMcGraw-Hill
_c1948
300 _a315
942 _cBK
999 _c7376
_d7376